000 00481nam a2200193Ia 4500
003 OSt
005 20221007082813.0
006 a|||||r|||| 00| 0
007 ta
008 221006b |||||||| |||| 00| 0 eng d
024 _a22,940
037 _cDissertations
040 _aFLL
_cFLL
_beng
041 _2eng
_aeng
100 _aJha S.K.
_9101956
245 0 _aAnti-defection law in India need a face left.
942 _cDIS
_2CC
999 _c1167777
_d1167777